| 000 | 00486cam a2200181ua 4500 | ||
|---|---|---|---|
| 003 | OSt | ||
| 008 | 250804b |||||||| |||| 00| 0 eng d | ||
| 020 | _a81 224 0880 X | ||
| 041 | _aeng | ||
| 082 |
_a515.352 _bCHA/EL |
||
| 100 |
_aChakrabarti, A . _91445 |
||
| 245 | _aElements of ordinary differential equations and special functions / | ||
| 250 | _a2 / | ||
| 260 |
_aNew Delhi : _bNew Age International Ltd , _c1990. |
||
| 300 | _a158 ; . | ||
| 500 | _a**Reference | ||
| 942 | _cBK | ||
| 999 |
_c2951 _d2951 |
||